000 00679nam a22001337a 4500
040 _cRUA
082 _aATM SEK 2011 B198 Or.1
100 _aSEK, PISETH
245 _aChallenges and constraints of rice farmer's post -harvest grain management in kampong thom province, បញ្ហាប្រឈម និងឧបសគ្គនៃការគ្រប់គ្រងស្រូវក្រោយពេលប្រមួលផលរបស់កសិករខេត្តកំពង់ធំ
260 _aPhnom Penh
_bRUA
_c2011
300 _axi, 53p.
_bill.
_c29cm.
856 _uhttps://drive.google.com/file/d/1NuctXrDuNK6tnpe3esuarp1OupiJfRLs/view?usp=sharing
942 _cATM
999 _c4280
_d4280